Catalog

Record Details

Catalog Search



Diamond in the snow / Jonathan Emmett ; ... Read More

Cabban, Vanessa, 1971-(Added Author).

Available copies

  • 2 of 2 copies available at LARL/NWRL Consortium. (Show)
  • 2 of 2 copies available at Northwest Regional Library.

Current holds

0 current holds with 2 total copies.

Show Only Available Copies
Location Call Number / Copy Notes Barcode Shelving Location Status Due Date
Red Lake Falls Public Library e EMM (Text) 35500004002059 Main Available -
Roseau Public Library e EMM (Text) 35500004012553 Main Available -

Record details

  • ISBN: 0763631175 (alk. paper)
  • Physical Description: 1 v. (unpaged) : col. ill. ; 31 cm.
  • Edition: Ist U.S. ed.
  • Publisher: Cambridge, Mass : Candlewick Press, 2006.

Content descriptions

Summary, etc.:
Entranced by his first snow, Mole explores the ... Read More
Subject: Snow > Fiction.
Ice > Fiction.
Moles (Animals) > Fiction.
Animals > Fiction.
LDR 01223cam a22003138a 4500
00177099
003LARL_NWRL_CONSORTIUM
00520060605135711.0
008051028s2006 mau b 000 0 eng
010 . ‡a2005055307
020 . ‡a0763631175 (alk. paper)
035 . ‡a(DLC)2005055307
035 . ‡a(DLC)343
040 . ‡aDLC ‡cDLC ‡dDLC
042 . ‡alcac
1001 . ‡aEmmett, Jonathan. ‡0(LARL_NWRL_CONSORTIUM)130251
24510. ‡aDiamond in the snow / ‡cJonathan Emmett ; illustrated by Vanessa Cabban.
250 . ‡aIst U.S. ed.
260 . ‡aCambridge, Mass : ‡bCandlewick Press, ‡c2006.
300 . ‡a1 v. (unpaged) : ‡bcol. ill. ; ‡c31 cm.
520 . ‡aEntranced by his first snow, Mole explores the white woodlands and shows his friends the spot where he found a sparkling "diamond."
650 1. ‡aSnow ‡vFiction.
650 1. ‡aIce ‡vFiction.
650 1. ‡aMoles (Animals) ‡vFiction.
650 1. ‡aAnimals ‡vFiction. ‡0(LARL_NWRL_CONSORTIUM)162060
7001 . ‡aCabban, Vanessa, ‡d1971- ‡0(LARL_NWRL_CONSORTIUM)127980
901 . ‡a77099 ‡bISxN ‡c77099 ‡tbiblio

Additional Resources